Business statistics (Record no. 90235)

MARC details
000 -LEADER
fixed length control field 00340nam a2200145Ia 4500
008 - FIXED-LENGTH DATA ELEMENTS--GENERAL INFORMATION
fixed length control field 230917s9999||||xx |||||||||||||| ||und||
020 ## - ISBN
Price RS350
040 ## - CATALOGING SOURCE
-- 17551
Original cataloging agency VIVEKANANDA LIBRARY
041 ## - Language
-- English
082 ## - DDC NUMBER
Classification number 519.5 C361B
100 ## - MAIN ENTRY--PERSONAL NAME
Personal name Chandan, J S
245 #0 - TITLE STATEMENT
Title Business statistics
260 ## - PUBLICATION, DISTRIBUTION, ETC. (IMPRINT)
Place of publication, distribution, etc Noida
Name of publisher, distributor, etc Vikas Publishing
Date of publication, distribution, etc 2009
942 ## - ADDED ENTRY ELEMENTS (KOHA)
Koha item type Books
Holdings
Withdrawn status Lost status Damaged status Not for loan Location (home branch) Sublocation or collection (holding branch) Date acquired Koha issues (times borrowed) Koha full call number Accession No. Koha date last seen Koha item type
        VIVEKANANDA LIBRARY VIVEKANANDA LIBRARY 08/08/2002   519.5 C361B 170958 17/09/2023 Books
        VIVEKANANDA LIBRARY VIVEKANANDA LIBRARY 08/08/2002 2 519.5 C361B 295597 30/03/2024 Books
        VIVEKANANDA LIBRARY VIVEKANANDA LIBRARY 08/08/2002   519.5 C361B 295598 17/09/2023 Books
        VIVEKANANDA LIBRARY VIVEKANANDA LIBRARY 08/08/2002   519.5 C361B 295599 17/09/2023 Books
        VIVEKANANDA LIBRARY VIVEKANANDA LIBRARY 08/08/2002   519.5 C361B 295600 17/09/2023 Books
© Designed and Maintained by Vivekananda Library, MDU Rohtak